000 00583nam a2200217Ia 4500
003 GCL
008 140319s9999 xx 000 0 eng d
040 _aGCL /
_cGCL
082 0 4 _a759
_bH M
100 1 _aHUG, CHARLOTTE
245 1 0 _aMARGO VEILLON: LE MOUVEMENT ECLATE: TRAVAUX 1925 A 1966 /
_cHUG, CHARLOTTE
260 _a[S.N] :
_bACTOS ،
_c1996
300 _a260 P
650 0 4 _aARTS
650 0 4 _aPAINTERS
650 0 4 _aWOMEN PAINTERS
650 0 4 _aDRAWING - SWITZERLAND
650 0 4 _aENGRAVING - SWITZERLAND
650 0 4 _aENGRAVING - 20TH CENTURY
942 _2ddc
_cBK
999 _c14737
_d14737